000 00449nam a22001817a 4500
005 20260407175817.0
008 260407b |||||||| |||| 00| 0 eng d
020 _a9780751540413 (pbk)
040 _cUE-CL
082 _a001.9
_bB9761
100 _aButler jon
245 _aDo ants have arseholes
_c/ Jon butler
260 _aGreat Britain:
_bSphere,
_c2007
300 _a183 P.
546 _aEnglish
650 _aAnts--Arseholes
942 _cBK
999 _c25965
_d25964